000
00210nam a22000857a 4500
008
170111b xxu||||| |||| 00| 0 eng d
100
_9
2337
_a
Aggarwal.K.
245
_a
Mathematics-X
260
_a
New Delhi
_b
Rachna
_c
2009
999
_c
5275
_d
5275